Wird geladen...

Inhuman rights: the western system and global human rights abuse

Bibliographische Detailangaben
1. Verfasser: Pereira, Winin
Format: Printed Book
Sprache:English
Veröffentlicht: Goa, The other India press 1997
Schlagworte:
LEADER 005800000a22002050004500
015 |a M 
020 |a 81-85569-33-9 
041 |a eng 
082 |a 341.481 N7 
100 |a Pereira, Winin 
245 |a Inhuman rights: the western system and global human rights abuse 
260 |a Goa, The other India press 
260 |c 1997 
650 |a Children 
650 |a Human 
650 |a Population 
650 |a Women 
942 |c BK 
999 |c 137577  |d 137573 
952 |0 0  |1 0  |4 0  |6 341_481000000000000_N7  |7 0  |9 136359  |a SIRP  |b SIRP  |d 2017-10-05  |l 0  |o 341.481 N7  |p SIRP03019  |r 2017-10-05  |w 2017-10-05  |y BK